[Event "Bad Woerishofen op 36th"]
[Site "Bad Woerishofen"]
[Date "2020.03.12"]
[Round "7"]
[White "Lindenmair, Anton"]
[Black "Herold, Gunther"]
[Result "1-0"]
[WhiteElo "1993"]
[BlackElo "1932"]
[PlyCount "33"]
[EventDate "2020.03.06"]
[EventType "swiss"]
[EventRounds "9"]
[EventCountry "GER"]
[SourceTitle "CBM 195 Extra"]
[Source "ChessBase"]
[SourceDate "2020.05.31"]
[SourceVersion "1"]
[SourceVersionDate "2020.05.31"]
[SourceQuality "1"]

1. d4 Nf6 2. c4 e5 3. dxe5 Ng4 4. Bf4 Nc6 5. Nf3 Bb4+ 6. Nbd2 Qe7 7. e3 Ngxe5 8. Nxe5 Nxe5 9. Be2 Bxd2+ 10. Qxd2 d6 11. 0-0 0-0 12. Rac1 b6 13. b4 Bb7 14. c5 dxc5 15. bxc5 f6 16. Qc2 Rfc8 17. Bxe5 1-0

[Event "GER CupT 1920 prel5"]
[Site "Hameln"]
[Date "2020.01.11"]
[Round "1.3"]
[White "Staeblein, Christoph"]
[Black "Lindenmair, Anton"]
[Result "1/2-1/2"]
[WhiteElo "2191"]
[BlackElo "1988"]
[PlyCount "85"]
[EventDate "2020.01.11"]
[EventType "team-k.o."]
[EventRounds "2"]
[EventCountry "GER"]
[SourceTitle "EXT 2021"]
[Source "ChessBase"]
[SourceDate "2020.10.23"]
[SourceVersion "1"]
[SourceVersionDate "2020.10.23"]
[SourceQuality "1"]
[WhiteTeam "Luebeck SV"]
[BlackTeam "DBSB Auswahl"]
[WhiteTeamCountry "GER"]
[BlackTeamCountry "GER"]

1. d4 Nf6 2. c4 g6 3. Nc3 Bg7 4. e4 d6 5. Be2 0-0 6. Bg5 c5 7. d5 a6 8. a4 Qa5 9. Bd2 Qc7 10. Nf3 e6 11. 0-0 exd5 12. exd5 Re8 13. Bd3 Bg4 14. h3 Bxf3 15. Qxf3 Nbd7 16. g4 Ne5 17. Qg3 Nxd3 18. Qxd3 Nd7 19. b3 Re7 20. Rae1 Rae8 21. Rxe7 Rxe7 22. Re1 Nf6 23. Re3 Qd7 24. Qe2 Kf8 25. Rxe7 Qxe7 26. Qxe7+ Kxe7 27. Bg5 Kd7 28. Bxf6 Bxf6 29. Ne4 Ke7 30. f4 Bd4+ 31. Kg2 h6 32. f5 g5 33. Kf3 Be5 34. Nf2 Kf6 35. Ke4 Bd4 36. Nd3 Bc3 37. Nc1 Be1 38. Ne2 Bb4 39. Ng3 Bc3 40. Nh5+ Ke7 41. Ng3 Kf6 42. Kd3 Be1 43. Nh5+ 1/2-1/2

[Event "IBCA Wch blind 14th"]
[Site "Cagliari"]
[Date "2019.04.11"]
[Round "6"]
[White "Lindenmair, Anton"]
[Black "Chojnowski, Marcin"]
[Result "0-1"]
[WhiteElo "1974"]
[BlackElo "2083"]
[PlyCount "122"]
[EventDate "2019.04.06"]
[EventType "swiss"]
[EventRounds "9"]
[EventCountry "ITA"]
[SourceTitle "CBM 189 Extra"]
[Source "ChessBase"]
[SourceDate "2019.06.03"]
[SourceVersion "1"]
[SourceVersionDate "2019.06.03"]
[SourceQuality "1"]

1. d4 Nf6 2. c4 c5 3. Nf3 g6 4. Nc3 Bg7 5. d5 d6 6. e4 0-0 7. Be2 a6 8. a4 e6 9. 0-0 exd5 10. cxd5 Bg4 11. Nd2 Bxe2 12. Qxe2 Qe7 13. Nc4 Nfd7 14. Bf4 Ne5 15. Nxe5 Bxe5 16. Bxe5 Qxe5 17. f4 Qd4+ 18. Kh1 Nd7 19. e5 dxe5 20. Rad1 Qb4 21. fxe5 Rae8 22. e6 fxe6 23. dxe6 Nf6 24. Rde1 Qd4 25. Qf2 Kg7 26. Qg3 Re7 27. Rf4 Nh5 28. Qg5 Rxe6 29. Rxe6 Nxf4 30. Re7+ Rf7 31. Rxf7+ Kxf7 32. g3 Qg1+ 33. Kxg1 Nh3+ 34. Kf1 Nxg5 35. Ke2 Ke6 36. h4 Nf7 37. Ne4 b6 38. a5 bxa5 39. Nxc5+ Kd5 40. Nxa6 Kc4 41. Kd2 Nh6 42. Nb8 Nf5 43. Nd7 Nxg3 44. Nf8 Nf5 45. Nxh7 Nxh4 46. Kc2 a4 47. Ng5 Nf5 48. Ne4 Nd4+ 49. Kb1 Kb4 50. Ka2 Nb3 51. Nc3 g5 52. Nd5+ Ka5 53. Ne3 Kb5 54. Ka3 Na5 55. Ng4 Nc4+ 56. Ka2 Kb4 57. Nf2 Ne5 58. Ne4 g4 59. Ng3 Nd3 60. Nf5 Nc5 61. Ne3 Nb3 0-1

[Event "IBCA Wch blind 14th"]
[Site "Cagliari"]
[Date "2019.04.09"]
[Round "4"]
[White "Lindenmair, Anton"]
[Black "Avram, Sretko"]
[Result "1/2-1/2"]
[WhiteElo "1974"]
[BlackElo "2120"]
[PlyCount "28"]
[EventDate "2019.04.06"]
[EventType "swiss"]
[EventRounds "9"]
[EventCountry "ITA"]
[SourceTitle "CBM 189 Extra"]
[Source "ChessBase"]
[SourceDate "2019.06.03"]
[SourceVersion "1"]
[SourceVersionDate "2019.06.03"]
[SourceQuality "1"]

1. d4 d5 2. c4 e6 3. Nf3 c6 4. Qc2 Nd7 5. g3 Be7 6. Bg2 Ngf6 7. Nbd2 0-0 8. 0-0 b6 9. e4 dxc4 10. Nxc4 Ba6 11. Re1 Rc8 12. Bf4 Ne8 13. Rad1 Bxc4 14. Qxc4 b5 1/2-1/2

[Event "Bad Woerishofen op 34th"]
[Site "Bad Woerishofen"]
[Date "2018.02.24"]
[Round "2"]
[White "Astengo, Corrado"]
[Black "Lindenmair, Anton"]
[Result "1-0"]
[WhiteElo "2160"]
[BlackElo "1993"]
[PlyCount "59"]
[EventDate "2018.02.23"]
[EventType "swiss"]
[EventRounds "9"]
[EventCountry "GER"]
[SourceTitle "CBM 183 Extra"]
[Source "ChessBase"]
[SourceDate "2018.04.19"]
[SourceVersion "1"]
[SourceVersionDate "2018.04.19"]
[SourceQuality "1"]

1. d4 Nf6 2. Nf3 g6 3. c4 Bg7 4. Nc3 0-0 5. e4 d6 6. Be2 e5 7. Be3 Nc6 8. d5 Ne7 9. Nd2 Nd7 10. b4 f5 11. f3 Nf6 12. c5 f4 13. Bf2 g5 14. Nc4 Ne8 15. a4 Ng6 16. Rc1 Rf7 17. Qb3 h5 18. a5 g4 19. cxd6 Nxd6 20. Kd2 Bd7 21. Na4 Bxa4 22. Qxa4 b5 23. axb6 axb6 24. Qb3 Bh6 25. Nxd6 cxd6 26. Rc6 Rfa7 27. Rhc1 Ra2+ 28. R1c2 Rxc2+ 29. Qxc2 Rb8 30. Bxb6 1-0

[Event "Bad Woerishofen op 34th"]
[Site "Bad Woerishofen"]
[Date "2018.02.24"]
[Round "3"]
[White "Tochtrop, Matthias"]
[Black "Lindenmair, Anton"]
[Result "1/2-1/2"]
[WhiteElo "2173"]
[BlackElo "1993"]
[PlyCount "29"]
[EventDate "2018.02.23"]
[EventType "swiss"]
[EventRounds "9"]
[EventCountry "GER"]
[SourceTitle "EXT 2019"]
[Source "ChessBase"]
[SourceDate "2018.10.10"]
[SourceVersion "1"]
[SourceVersionDate "2018.10.10"]
[SourceQuality "1"]

1. c4 Nf6 2. g3 g6 3. Bg2 Bg7 4. Nc3 0-0 5. d3 c5 6. a3 Nc6 7. Rb1 b6 8. e3 Bb7 9. Nge2 e6 10. Nf4 Rb8 11. 0-0 Ne7 12. e4 d5 13. exd5 exd5 14. Re1 dxc4 15. dxc4 1/2-1/2

[Event "Pyramiden Franken Cup"]
[Site "Fuerth"]
[Date "2016.09.03"]
[Round "5"]
[White "Saathoff, Richard"]
[Black "Lindenmair, Anton"]
[Result "1-0"]
[WhiteElo "2119"]
[BlackElo "1997"]
[PlyCount "27"]
[EventDate "2016.09.01"]
[EventType "swiss"]
[EventRounds "7"]
[EventCountry "GER"]
[SourceTitle "CBM 174 Extra"]
[Source "ChessBase"]
[SourceDate "2016.10.10"]
[SourceVersion "1"]
[SourceVersionDate "2016.10.10"]
[SourceQuality "1"]

1. e4 e5 2. f4 Bc5 3. Nf3 d6 4. Nc3 Nc6 5. Bb5 Bg4 6. Na4 Bb6 7. Nxb6 axb6 8. 0-0 Nf6 9. h3 Bh5 10. g4 Bg6 11. f5 Nxe4 12. Qe1 Ng5 13. Nxg5 Qxg5 14. d4 1-0

[Event "IBCA Wch blind 13th"]
[Site "Katerini"]
[Date "2014.05.05"]
[Round "1"]
[White "Lindenmair, Anton"]
[Black "Spychala, Josefa"]
[Result "1-0"]
[WhiteElo "2055"]
[BlackElo "1469"]
[PlyCount "47"]
[EventDate "2014.05.05"]
[EventType "swiss"]
[EventRounds "9"]
[EventCountry "GRE"]
[SourceTitle "CBM 160 Extra"]
[Source "ChessBase"]
[SourceDate "2014.07.01"]
[SourceVersion "1"]
[SourceVersionDate "2014.07.01"]
[SourceQuality "1"]

1. d4 d5 2. c4 e6 3. Nf3 Nf6 4. g3 b6 5. Bg2 Bb7 6. 0-0 Nbd7 7. Nc3 Be7 8. Ne5 0-0 9. Qa4 c5 10. Nxd7 Qxd7 11. Qxd7 Nxd7 12. dxc5 Nxc5 13. cxd5 exd5 14. Nxd5 Bxd5 15. Bxd5 Rad8 16. Bf3 Bf6 17. Rb1 Rfe8 18. Be3 Ne4 19. Bxe4 Rxe4 20. Rfd1 Kf8 21. Rxd8+ Bxd8 22. Rd1 Ke7 23. Kg2 Ke6 24. Rxd8 1-0

[Event "GER Daehne Cup"]
[Site "Halle"]
[Date "2012.06.09"]
[Round "5.14"]
[White "Engelhart, Achim"]
[Black "Lindenmair, Anton"]
[Result "1/2-1/2"]
[WhiteElo "2134"]
[BlackElo "2058"]
[PlyCount "79"]
[EventDate "2012.06.07"]
[EventType "k.o."]
[EventRounds "5"]
[EventCountry "GER"]
[SourceTitle "EXT 2016"]
[Source "ChessBase"]
[SourceDate "2015.10.08"]
[SourceVersion "1"]
[SourceVersionDate "2015.10.08"]
[SourceQuality "1"]

1. e4 e5 2. Nf3 Nf6 3. Nc3 Bb4 4. Nxe5 0-0 5. Be2 Re8 6. Nd3 Bxc3 7. dxc3 Nxe4 8. Nf4 Nc6 9. 0-0 d6 10. c4 Bf5 11. Nd5 Ne7 12. f3 Nf6 13. Nxf6+ gxf6 14. b3 Ng6 15. Bd3 Bxd3 16. Qxd3 Qe7 17. Bd2 Qe2 18. Qxe2 Rxe2 19. Rf2 Rae8 20. Kf1 R2e6 21. Re1 f5 22. Rfe2 a6 23. a4 Nh4 24. Bg5 Ng6 25. Kf2 Ne5 26. Bd2 Ng6 27. g3 Ne5 28. Ba5 b6 29. Bc3 Ng6 30. Bd2 Ne5 31. Bc3 Ng6 32. f4 Nf8 33. Kf3 Nd7 34. Bd4 Nc5 35. Bxc5 dxc5 36. Re5 Kg7 37. R1e2 Kf6 38. R5e3 R8e7 39. Re1 Re8 40. R1e2 1/2-1/2

[Event "GER Daehne Cup"]
[Site "Halle"]
[Date "2012.06.08"]
[Round "4.14"]
[White "Lindenmair, Anton"]
[Black "Hassenrueck, Helmut"]
[Result "0-1"]
[WhiteElo "2058"]
[BlackElo "2227"]
[PlyCount "54"]
[EventDate "2012.06.07"]
[EventType "k.o."]
[EventRounds "5"]
[EventCountry "GER"]
[SourceTitle "EXT 2016"]
[Source "ChessBase"]
[SourceDate "2015.10.08"]
[SourceVersion "1"]
[SourceVersionDate "2015.10.08"]
[SourceQuality "1"]

1. d4 Nf6 2. c4 e6 3. Nf3 c5 4. e3 d5 5. Nc3 a6 6. Bd3 dxc4 7. Bxc4 b5 8. Bd3 Bb7 9. 0-0 Nc6 10. dxc5 Bxc5 11. Ne4 Be7 12. a3 0-0 13. b4 Nxe4 14. Bxe4 Bf6 15. Ra2 Qxd1 16. Rxd1 Nxb4 17. Bxh7+ Kxh7 18. axb4 Bd5 19. Ra3 Rfc8 20. Nd4 Rc4 21. Bd2 Bxd4 22. exd4 Rxd4 23. f3 Rd8 24. Kf2 Bxf3 25. Kxf3 Rxd2 26. Rxd2 Rxd2 27. Rxa6 Rb2 0-1

[Event "GER Daehne Cup"]
[Site "Halle"]
[Date "2012.06.07"]
[Round "1.14"]
[White "Georg, Heinz"]
[Black "Lindenmair, Anton"]
[Result "1-0"]
[WhiteElo "2208"]
[BlackElo "2058"]
[PlyCount "115"]
[EventDate "2012.06.07"]
[EventType "k.o."]
[EventRounds "5"]
[EventCountry "GER"]
[SourceTitle "EXT 2016"]
[Source "ChessBase"]
[SourceDate "2015.10.08"]
[SourceVersion "1"]
[SourceVersionDate "2015.10.08"]
[SourceQuality "1"]

1. e4 e5 2. f4 Bc5 3. Nf3 d6 4. c3 Qe7 5. d3 Nf6 6. fxe5 dxe5 7. Qe2 Nc6 8. b4 Bd6 9. g3 Bg4 10. Bg2 0-0 11. Bg5 h6 12. Be3 Qd7 13. h3 Be6 14. g4 Nh7 15. Nbd2 Ne7 16. d4 exd4 17. cxd4 Bg3+ 18. Bf2 Qd6 19. Bxg3 Qxg3+ 20. Qf2 Qxf2+ 21. Kxf2 Ng6 22. Kg3 Ng5 23. a4 c6 24. b5 Bd7 25. bxc6 Bxc6 26. a5 Nxe4+ 27. Nxe4 Bxe4 28. Rhe1 Rfe8 29. Rac1 Bc6 30. Ne5 Nxe5 31. Rxe5 Rxe5 32. dxe5 Bxg2 33. Kxg2 Re8 34. Rc5 Re6 35. Kf3 b6 36. axb6 axb6 37. Rd5 Kf8 38. h4 f6 39. exf6 Rxf6+ 40. Ke4 Ke7 41. g5 hxg5 42. hxg5 Re6+ 43. Kf4 Rd6 44. Re5+ Kd7 45. Re1 b5 46. Ra1 g6 47. Ke5 Rb6 48. Kd5 b4 49. Ra7+ Kc8 50. Kc5 b3 51. Kxb6 b2 52. Kc6 b1Q 53. Ra8+ Qb8 54. Rxb8+ Kxb8 55. Kd6 Kc8 56. Ke6 Kd8 57. Kf6 Ke8 58. Kxg6 1-0

[Event "Bad Woerishofen op 28th"]
[Site "Bad Woerishofen"]
[Date "2012.03.10"]
[Round "9"]
[White "Lindenmair, Anton"]
[Black "Klein, Reinhard"]
[Result "1/2-1/2"]
[WhiteElo "2062"]
[BlackElo "1879"]
[PlyCount "78"]
[EventDate "2012.03.02"]
[EventType "swiss"]
[EventRounds "9"]
[EventCountry "GER"]
[SourceTitle "EXT 2019"]
[Source "ChessBase"]
[SourceDate "2018.10.10"]
[SourceVersion "1"]
[SourceVersionDate "2018.10.10"]
[SourceQuality "1"]

1. d4 Nf6 2. c4 c5 3. e3 g6 4. Nc3 cxd4 5. exd4 Bg7 6. Nf3 d6 7. Be2 0-0 8. 0-0 Na6 9. b3 Bg4 10. Bb2 Qd7 11. h3 Bxf3 12. Bxf3 d5 13. Nxd5 Nxd5 14. Bxd5 Nb4 15. Bf3 Rfd8 16. Qd2 Nc6 17. Bxc6 bxc6 18. Rad1 a5 19. d5 cxd5 20. Bxg7 Kxg7 21. cxd5 Kg8 22. Qe2 Qb7 23. Rfe1 Rd7 24. Rd2 a4 25. bxa4 Rxa4 26. Red1 Qa6 27. Qxa6 Rxa6 28. Kf1 Rda7 29. Ra1 Kg7 30. f4 Ra4 31. g3 Rd7 32. Rad1 Rda7 33. Re1 Ra3 34. Kf2 Rxa2 35. Rxa2 Rxa2+ 36. Ke3 h5 37. Kd4 Ra4+ 38. Kc5 h4 39. gxh4 Rxf4 1/2-1/2

[Event "Bad Woerishofen op 28th"]
[Site "Bad Woerishofen"]
[Date "2012.03.07"]
[Round "6"]
[White "Tennstedt, Andreas"]
[Black "Lindenmair, Anton"]
[Result "1-0"]
[WhiteElo "2186"]
[BlackElo "2062"]
[PlyCount "77"]
[EventDate "2012.03.02"]
[EventType "swiss"]
[EventRounds "9"]
[EventCountry "GER"]
[SourceTitle "EXT 2019"]
[Source "ChessBase"]
[SourceDate "2018.10.10"]
[SourceVersion "1"]
[SourceVersionDate "2018.10.10"]
[SourceQuality "1"]

1. c4 Nf6 2. Nc3 g6 3. d4 Bg7 4. e4 d6 5. f3 c6 6. Be3 a6 7. Bd3 0-0 8. Nge2 b5 9. e5 Nfd7 10. exd6 exd6 11. 0-0 bxc4 12. Bxc4 d5 13. Bd3 Nf6 14. Qd2 Nbd7 15. Na4 Qe7 16. Rac1 Bb7 17. Bh6 Rfe8 18. Bxg7 Kxg7 19. Rfd1 Rac8 20. Ng3 Qe3+ 21. Qxe3 Rxe3 22. Kf2 Re6 23. Nf1 Ne8 24. Nd2 Nd6 25. Nb3 Nb5 26. Nac5 Nxc5 27. Nxc5 Re7 28. b3 Ba8 29. a4 Nc7 30. Bxa6 Rb8 31. Re1 Rxe1 32. Rxe1 Nxa6 33. Nxa6 Rxb3 34. Re8 Rb2+ 35. Kg3 Ra2 36. Rxa8 Rxa4 37. Nc7 Rxd4 38. Ne8+ Kh6 39. Ra7 1-0

[Event "Bad Woerishofen op 28th"]
[Site "Bad Woerishofen"]
[Date "2012.03.06"]
[Round "5"]
[White "Lindenmair, Anton"]
[Black "Calzetta Ruiz, Monica"]
[Result "1/2-1/2"]
[WhiteElo "2062"]
[BlackElo "2300"]
[PlyCount "20"]
[EventDate "2012.03.02"]
[EventType "swiss"]
[EventRounds "9"]
[EventCountry "GER"]
[SourceTitle "EXT 2019"]
[Source "ChessBase"]
[SourceDate "2018.10.10"]
[SourceVersion "1"]
[SourceVersionDate "2018.10.10"]
[SourceQuality "1"]

1. d4 Nf6 2. Nf3 g6 3. c4 Bg7 4. Nc3 0-0 5. e4 d6 6. Be2 e5 7. 0-0 Nc6 8. d5 Ne7 9. Be3 Nd7 10. Bd3 f5 1/2-1/2

[Event "Bad Woerishofen op 28th"]
[Site "Bad Woerishofen"]
[Date "2012.03.05"]
[Round "4"]
[White "Roth, Martin2222"]
[Black "Lindenmair, Anton"]
[Result "1/2-1/2"]
[WhiteElo "2184"]
[BlackElo "2062"]
[PlyCount "24"]
[EventDate "2012.03.02"]
[EventType "swiss"]
[EventRounds "9"]
[EventCountry "GER"]
[SourceTitle "EXT 2019"]
[Source "ChessBase"]
[SourceDate "2018.10.10"]
[SourceVersion "1"]
[SourceVersionDate "2018.10.10"]
[SourceQuality "1"]

1. e4 e5 2. Nf3 Nf6 3. d4 Nxe4 4. Bd3 d5 5. Nxe5 Nd7 6. Nxd7 Bxd7 7. 0-0 Bd6 8. Nd2 0-0 9. Nxe4 dxe4 10. Bxe4 Bxh2+ 11. Kxh2 Qh4+ 12. Kg1 Qxe4 1/2-1/2

[Event "IBCA EU-ch blind 05th"]
[Site "Rhodes"]
[Date "2011.09.09"]
[Round "4"]
[White "Harnandan, Sergio"]
[Black "Lindenmair, Anton"]
[Result "1/2-1/2"]
[WhiteElo "2007"]
[BlackElo "2077"]
[PlyCount "32"]
[EventDate "2011.09.06"]
[EventType "swiss"]
[EventRounds "9"]
[EventCountry "GRE"]
[SourceTitle "CBM 144 Extra"]
[Source "ChessBase"]
[SourceDate "2011.10.28"]
[SourceVersion "1"]
[SourceVersionDate "2011.10.28"]
[SourceQuality "1"]

1. d4 Nf6 2. c4 e5 3. dxe5 Ng4 4. e3 Nxe5 5. Nc3 Nbc6 6. a3 d6 7. Be2 Be6 8. b3 g6 9. Nf3 Bg7 10. Bb2 0-0 11. 0-0 h6 12. Nxe5 dxe5 13. Qxd8 Raxd8 14. Rad1 Rxd1 15. Rxd1 Rd8 16. Rxd8+ Nxd8 1/2-1/2

[Event "IBCA EU-ch blind 05th"]
[Site "Rhodes"]
[Date "2011.09.08"]
[Round "3"]
[White "Lindenmair, Anton"]
[Black "Wikman, Bengt Ingemar"]
[Result "1-0"]
[WhiteElo "2077"]
[BlackElo "1911"]
[PlyCount "75"]
[EventDate "2011.09.06"]
[EventType "swiss"]
[EventRounds "9"]
[EventCountry "GRE"]
[SourceTitle "CBM 144 Extra"]
[Source "ChessBase"]
[SourceDate "2011.10.28"]
[SourceVersion "1"]
[SourceVersionDate "2011.10.28"]
[SourceQuality "1"]

1. d4 Nf6 2. c4 g6 3. Nc3 d5 4. Nf3 Bg7 5. Bg5 Ne4 6. cxd5 Nxc3 7. bxc3 Qxd5 8. Qb3 Qxb3 9. axb3 c5 10. e3 Be6 11. Ra3 h6 12. Bh4 g5 13. Bg3 0-0 14. Bd3 Rc8 15. Kd2 Nd7 16. Rc1 Nf6 17. Be5 c4 18. bxc4 Bxc4 19. Rb1 Bxd3 20. Kxd3 b6 21. Bxf6 Bxf6 22. Ra6 Rcb8 23. Rba1 Rb7 24. Nd2 e6 25. Ne4 Bd8 26. Nd6 Rd7 27. Nb5 Kf8 28. Rxa7 Rdxa7 29. Rxa7 Rxa7 30. Nxa7 Ke8 31. Kc4 Kd7 32. Kb5 Bc7 33. h3 f6 34. e4 h5 35. f3 h4 36. Nc6 Kd6 37. e5+ fxe5 38. Nxe5 1-0

[Event "IBCA-ol blind 13th"]
[Site "Heraklion"]
[Date "2008.10.28"]
[Round "9.4"]
[White "Lindenmair, Anton"]
[Black "Kuvsinov, Anatolij"]
[Result "1/2-1/2"]
[WhiteElo "2121"]
[BlackElo "1979"]
[PlyCount "89"]
[EventDate "2008.10.19"]
[EventType "team-swiss"]
[EventRounds "9"]
[EventCountry "GRE"]
[SourceTitle "EXT 2010"]
[Source "ChessBase"]
[SourceDate "2010.11.25"]
[SourceVersion "1"]
[SourceVersionDate "2010.11.25"]
[SourceQuality "1"]
[WhiteTeam "Germany (blind)"]
[BlackTeam "Lithuania (blind)"]
[WhiteTeamCountry "GER"]
[BlackTeamCountry "LTU"]

1. d4 Nf6 2. c4 g6 3. Nc3 Bg7 4. e4 d6 5. f4 c5 6. d5 0-0 7. Nf3 e6 8. Be2 exd5 9. cxd5 Re8 10. e5 dxe5 11. fxe5 Ng4 12. Bg5 f6 13. exf6 Bxf6 14. Qd2 Bxg5 15. Qxg5 Ne3 16. Qxd8 Rxd8 17. Kf2 Nf5 18. Rad1 Nd6 19. Ng5 b6 20. Ne6 Bxe6 21. dxe6 Nc6 22. Nd5 Rf8+ 23. Bf3 Nf5 24. Rhe1 Rae8 25. Nxb6 axb6 26. Bxc6 Nd4+ 27. Bf3 Rf6 28. Kg3 Nxf3 29. gxf3 Rfxe6 30. Rxe6 Rxe6 31. Rd8+ Kg7 32. Rb8 Kf6 33. h4 h5 34. Rd8 Ke7 35. Rd2 Kf6 36. Kf4 Rc6 37. Rd8 Re6 38. a4 Rc6 39. Ke4 Ke6 40. Rd5 Kf6 41. Rd8 Ke7 42. Rb8 Ke6 43. Rd8 Ke7 44. Rb8 Ke6 45. Rd8 1/2-1/2

[Event "IBCA-ol blind 13th"]
[Site "Heraklion"]
[Date "2008.10.22"]
[Round "4.4"]
[White "Lindenmair, Anton"]
[Black "Smirnov, Sergei"]
[Result "0-1"]
[WhiteElo "2121"]
[BlackElo "2301"]
[PlyCount "88"]
[EventDate "2008.10.19"]
[EventType "team-swiss"]
[EventRounds "9"]
[EventCountry "GRE"]
[SourceTitle "EXT 2010"]
[Source "ChessBase"]
[SourceDate "2010.11.25"]
[SourceVersion "1"]
[SourceVersionDate "2010.11.25"]
[SourceQuality "1"]
[WhiteTeam "Germany (blind)"]
[BlackTeam "Russia (blind)"]
[WhiteTeamCountry "GER"]
[BlackTeamCountry "RUS"]

1. d4 Nf6 2. c4 e6 3. g3 c5 4. Nf3 cxd4 5. Nxd4 Qb6 6. Nc3 Nc6 7. e3 Bc5 8. Nb3 Bb4 9. Bg2 Ne5 10. c5 Qa6 11. Qe2 Nd3+ 12. Kd2 Nxc5 13. Nxc5 Qxe2+ 14. Kxe2 Bxc5 15. e4 d6 16. Nb5 Ke7 17. Bf4 Bd7 18. Nc3 Bc6 19. Rhd1 Rhd8 20. a3 a5 21. Rd2 h6 22. Rb1 g5 23. Be3 Ng4 24. Bxc5 dxc5 25. Rxd8 Rxd8 26. f3 Ne5 27. b3 b5 28. Rd1 Rxd1 29. Nxd1 b4 30. axb4 cxb4 31. f4 gxf4 32. gxf4 Nd7 33. Kd3 Nc5+ 34. Kc4 Nb7 35. Ne3 f6 36. Ng4 h5 37. Nxf6 h4 38. Ng4 Nd6+ 39. Kd4 a4 40. bxa4 Bxa4 41. e5 Nf5+ 42. Kc4 Bd1 43. h3 Bxg4 44. hxg4 Ne3+ 0-1

[Event "IBCA-ol blind 13th"]
[Site "Heraklion"]
[Date "2008.10.20"]
[Round "2.4"]
[White "Thomsson, Hakan"]
[Black "Lindenmair, Anton"]
[Result "0-1"]
[WhiteElo "1400"]
[BlackElo "2121"]
[PlyCount "114"]
[EventDate "2008.10.19"]
[EventType "team-swiss"]
[EventRounds "9"]
[EventCountry "GRE"]
[SourceTitle "EXT 2010"]
[Source "ChessBase"]
[SourceDate "2010.11.25"]
[SourceVersion "1"]
[SourceVersionDate "2010.11.25"]
[SourceQuality "1"]
[WhiteTeam "Sweden (blind)"]
[BlackTeam "Germany (blind)"]
[WhiteTeamCountry "SWE"]
[BlackTeamCountry "GER"]

1. e4 e5 2. Nf3 Nf6 3. Nxe5 d6 4. Nf3 Nxe4 5. Nc3 Nxc3 6. dxc3 Be7 7. Bf4 Nc6 8. Qd2 0-0 9. 0-0-0 Be6 10. Kb1 Rb8 11. Bd3 b5 12. h4 b4 13. c4 Qc8 14. Ng5 Bf5 15. g4 Bg6 16. f3 Ne5 17. Bxe5 dxe5 18. Bxg6 hxg6 19. h5 Bxg5 20. Qxg5 Qe6 21. Rd5 Qf6 22. Qxf6 gxf6 23. hxg6 fxg6 24. Rd7 Rf7 25. Rh8+ Kxh8 26. Rxf7 Re8 27. Rxf6 e4 28. Kc1 exf3 29. Rxf3 Re4 30. Rg3 Rxc4 31. Kd2 Kg7 32. Kd3 Rf4 33. g5 Kf7 34. Ke3 Rf5 35. Rg4 a5 36. c3 bxc3 37. bxc3 Ke6 38. c4 Kd6 39. Kd4 Rc5 40. Kd3 Ke5 41. Ke3 Kf5 42. Kf3 Re5 43. Rg1 Re4 44. Rd1 c6 45. Rd6 Rxc4 46. Ke3 Kxg5 47. Kd3 Rc5 48. Rd8 Rd5+ 49. Rxd5+ cxd5 50. Kd4 Kf4 51. a4 g5 52. Kxd5 g4 53. Kc5 g3 54. Kb5 g2 55. Kxa5 g1Q 56. Ka6 Qg2 57. Ka7 Qa2 0-1

[Event "Bad Woerishofen op 24th"]
[Site "Bad Woerishofen"]
[Date "2008.03.01"]
[Round "3"]
[White "Reitz, Rolf"]
[Black "Lindenmair, Anton"]
[Result "0-1"]
[WhiteElo "1981"]
[BlackElo "2005"]
[PlyCount "108"]
[EventDate "2008.02.28"]
[EventType "swiss"]
[EventRounds "9"]
[EventCountry "GER"]
[SourceTitle "EXT 2022"]
[Source "ChessBase"]
[SourceDate "2021.10.06"]
[SourceVersion "1"]
[SourceVersionDate "2021.10.06"]
[SourceQuality "1"]

1. d4 Nf6 2. Nf3 g6 3. g3 Bg7 4. Bg2 0-0 5. 0-0 d6 6. c4 c6 7. Nc3 Qa5 8. Re1 Be6 9. Qd3 Qa6 10. d5 cxd5 11. cxd5 Bf5 12. Qd1 Ne4 13. Nd4 Nxc3 14. bxc3 Bd7 15. e4 Ba4 16. Qf3 Nd7 17. Bf4 Rac8 18. Bf1 Qa5 19. Rab1 Rxc3 20. Bd2 Rxf3 21. Nxf3 Qc7 22. Rec1 Nc5 23. Be3 b6 24. Nd4 Bxd4 25. Bxd4 Bd7 26. f4 f6 27. g4 Bxg4 28. Rb3 Qd7 29. Re3 e5 30. dxe6 Nxe6 31. Bc4 Kg7 32. Ba1 Nc5 33. e5 Be6 34. exf6+ Kf7 35. f5 Bxc4 36. Re7+ Qxe7 37. fxe7 Kxe7 38. f6+ Ke6 39. Rxc4 Rf7 40. Rc1 Nd7 41. Re1+ Ne5 42. Re3 Rxf6 43. Ra3 Rf7 44. Kg2 Nc4 45. Rh3 Kd5 46. Rd3+ Kc5 47. Bd4+ Kc6 48. Rc3 d5 49. a4 a6 50. Kg3 b5 51. axb5+ axb5 52. Rc1 b4 53. Ra1 b3 54. Ra8 b2 0-1

[Event "IBCA Wch blind 11th"]
[Site "Goa"]
[Date "2006.10.17"]
[Round "8"]
[White "Hengles, Roberto Carlos"]
[Black "Lindenmair, Anton"]
[Result "1/2-1/2"]
[WhiteElo "1965"]
[BlackElo "2103"]
[PlyCount "50"]
[EventDate "2006.10.09"]
[EventType "swiss"]
[EventRounds "9"]
[EventCountry "IND"]
[SourceTitle "CBM 114 Extra"]
[Source "ChessBase"]
[SourceDate "2006.11.03"]
[SourceVersion "1"]
[SourceVersionDate "2006.11.03"]
[SourceQuality "1"]

1. e4 e5 2. Nf3 Nf6 3. d4 Nxe4 4. Bd3 d5 5. Nxe5 Nd7 6. Nxd7 Bxd7 7. 0-0 Bd6 8. c4 c6 9. cxd5 cxd5 10. Nc3 Nxc3 11. bxc3 0-0 12. Qf3 Qc7 13. h3 Rfe8 14. Bd2 Be6 15. Rab1 Rad8 16. Rfe1 Qc8 17. Re2 Bb8 18. Qh5 g6 19. Qh6 Bd6 20. Bb5 Bd7 21. Rxe8+ Rxe8 22. Qg5 Bc6 23. Bd3 Qd7 24. Re1 Rxe1+ 25. Bxe1 Qe7 1/2-1/2

[Event "IBCA Wch blind 11th"]
[Site "Goa"]
[Date "2006.10.12"]
[Round "4"]
[White "Lindenmair, Anton"]
[Black "Zoltek, Tadeusz"]
[Result "1/2-1/2"]
[WhiteElo "2103"]
[BlackElo "2239"]
[PlyCount "46"]
[EventDate "2006.10.09"]
[EventType "swiss"]
[EventRounds "9"]
[EventCountry "IND"]
[SourceTitle "CBM 114 Extra"]
[Source "ChessBase"]
[SourceDate "2006.11.03"]
[SourceVersion "1"]
[SourceVersionDate "2006.11.03"]
[SourceQuality "1"]

1. d4 Nf6 2. c4 e6 3. g3 d5 4. Bg2 Be7 5. Nf3 0-0 6. 0-0 Nbd7 7. Nbd2 c6 8. Qc2 b6 9. b3 Bb7 10. Bb2 Rc8 11. e4 c5 12. exd5 exd5 13. dxc5 dxc4 14. Nxc4 Rxc5 15. Qd1 Qa8 16. Ne3 Nd5 17. Nxd5 Rxd5 18. Nd4 Rd6 19. Bxb7 Qxb7 20. Qe2 Bf6 21. Rad1 Ne5 22. f4 Ng6 23. Nf5 Re6 1/2-1/2